Žatva.

Uložené v:
Podrobná bibliografia
Hlavný autor: Nikolajevová, G.
Médium: Kniha
Jazyk:Slovak
Vydané: 1952.
Fyzický popis: 497 s.+3.
Tagy: Pridať tag
Žiadne tagy, Buďte prvý kto otaguje tento záznam!

MARC

LEADER 00000nam a22000004a 4500
001 000564607
005 20171031095520.0
008 171031s1952 xo e 000 0 slo d
040 |a SVKKK  |b slo  |c SVKKK  |e AACR2 
100 1 |a Nikolajevová, G. 
245 1 0 |a Žatva. 
260 |c 1952. 
300 |a 497 s.+3. 
500 |a Záznam revízie 
910 |a svkkk 
998 |a BK 
090 |g SCKHL  |k Sklad Pribinova 2. posch.  |a III.5045  |j 7812  |i 2720356638  |s Prezenčne